[Event "Chigorin Memorial 31st"]
[Site "St Petersburg"]
[Date "2024.10.27"]
[Round "2"]
[White "Tolstygin, Kirill"]
[Black "Marinskii, Yurii"]
[Result "0-1"]
[WhiteElo "1608"]
[BlackElo "1979"]
[PlyCount "60"]
[EventDate "2024.10.26"]
[EventType "swiss"]
[EventRounds "9"]
[EventCountry "RUS"]
[SourceTitle "CB45_2024"]
[Source "ChessBase"]
[SourceDate "2024.11.06"]
[SourceVersion "1"]
[SourceVersionDate "2024.11.06"]
[SourceQuality "1"]

1. d4 d5 2. c4 c6 3. Nf3 Nf6 4. g3 Bf5 5. Nc3 e6 6. Nh4 Be4 7. f3 Bg6 8. Qb3 Qb6 9. Nxg6 hxg6 10. c5 Qc7 11. e4 Nh5 12. Bg2 dxe4 13. fxe4 Nd7 14. Be3 e5 15. Qc4 exd4 16. Bxd4 Ne5 17. Bxe5 Qxe5 18. Nd5 0-0-0 19. 0-0-0 cxd5 20. exd5 Qc7 21. c6 Bd6 22. Rd3 Nf6 23. Rb3 b6 24. a4 Bc5 25. a5 Rd6 26. axb6 Bxb6 27. Kc2 Kd8 28. h4 Rh5 29. Rd1 Ke7 30. Re3+ Bxe3 0-1